Επισκόπηση επιθέσεων και αντίμετρων προστασίας για υδατογραφημένα ψηφιακά μέσα ; Συγκριτική αξιολόγηση επιδόσεων μεθόδων εύθραυστης ψηφιακής υδατογράφησης βάσεων δεδομένων = A survey on attacks and countermeasures for watermarked digital media ; Benchmarking fragile watermarking methods for relational databases : πτυχιακή εργασία

Η υδατογράφηση είναι μια σημαντική τεχνική προστασίας των πνευματικών δικαιωμάτων των ψηφιακών δεδομένων. Η διπλωματική εργασία αποτελεί μία μελέτη συγκεκριμένων πτυχών του εκτεταμένου αυτού ερευνητικού αντικειμένου, αναλυτικά ως εξής. Στο Α Μέρος της εργασίας διερευνώνται όλες οι επιθέσεις που μπορ...

Full description

Saved in:
Bibliographic Details
Main Author: Μολλά, Ειρήνη
Corporate Author: Πανεπιστήμιο Αιγαίου. Σχολή Θετικών Επιστημών. Τμήμα Μηχανικών Πληροφοριακών και Επικοινωνιακών Συστημάτων
Format: Thesis Book
Language:English
Published: 2013
Subjects:
Online Access:http://hdl.handle.net/11610/8721
Tags: Add Tag
No Tags, Be the first to tag this record!

MARC

LEADER 00000cam a2200000 i 4500
001 1/49908
008 140625s2013 gr ||| eng||
035 |l 10118071 
040 |a GR-MY-UA  |b gre  |e aacr 
041 0 |a eng 
082 0 |a 005.82   |2 (22)  
100 1 |a Μολλά, Ειρήνη. 
245 1 0 |a Επισκόπηση επιθέσεων και αντίμετρων προστασίας για υδατογραφημένα ψηφιακά μέσα ; Συγκριτική αξιολόγηση επιδόσεων μεθόδων εύθραυστης ψηφιακής υδατογράφησης βάσεων δεδομένων =   |b A survey on attacks and countermeasures for watermarked digital media ; Benchmarking fragile watermarking methods for relational databases : πτυχιακή εργασία /  |c της Ειρήνης Μολλά ; επιβλέπων καθηγητής Θεόδωρος Τζουραμάνης.  
246 1 |i Παράλληλος τίτλος :   |a Συγκριτική αξιολόγηση επιδόσεων μεθόδων εύθραυστης ψηφιακής υδατογράφησης βάσεων δεδομένων.  
246 1 |i Παράλληλος τίτλος :   |a A survey on attacks and countermeasures for watermarked digital media.  
246 1 |i Παράλληλος τίτλος :   |a Benchmarking fragile watermarking methods for relational databases.  
260 |c 2013 
300 |a xi, 105 σ. :   |b εικ., πιν. ;   |c 30 εκ.  
500 |a Μέλη της εξεταστικής επιτροπής: Θεόδωρος Τζουραμάνης, Γεώργιος Καμπουράκης, Ειρήνη Καρύμπαλη 
502 # # |a Πτυχιακή εργασία – Πανεπιστήμιο Αιγαίου, Σάμος, 2013. 
504 |a Βιβλιογραφία: σ.102-104 
506 0 |a Διάθεση πλήρους κειμένου - Ελεύθερη πρόσβαση.  
520 |a Η υδατογράφηση είναι μια σημαντική τεχνική προστασίας των πνευματικών δικαιωμάτων των ψηφιακών δεδομένων. Η διπλωματική εργασία αποτελεί μία μελέτη συγκεκριμένων πτυχών του εκτεταμένου αυτού ερευνητικού αντικειμένου, αναλυτικά ως εξής. Στο Α Μέρος της εργασίας διερευνώνται όλες οι επιθέσεις που μπορεί να υποβληθούν εναντίον υδατογραφημένων ψηφιακών μέσων καθώς και τα αντίμετρα προληπτικής προστασίας που μπορούν να ληφθούν για την αναχαίτιση των επιθέσεων αυτών. Οι επιθέσεις αναφέρονται σε εικόνες, βίντεο, ήχο, κείμενα, βάσεις δεδομένων και λογισμικό, και χωρίζονται σε τέσσερις βασικές κατηγορίες: επιθέσεις αφαίρεσης υδατογραφήματος, γεωμετρικές επιθέσεις, κρυπτογραφικές επιθέσεις και επιθέσεις πρωτοκόλλου. Κάθε κατηγορία χωρίζεται σε επιπλέον υποκατηγορίες σύμφωνα με την τεχνική η οποία χρησιμοποιείται αλλά και τον στόχο που προσπαθεί να επιτύχει. Ως εκ τούτου, η πρώτη κατηγορία αναφέρεται στην προσπάθεια αφαίρεσης του ψηφιακού υδατογραφήματος. Η δεύτερη κατηγορία στοχεύει στην αλλοίωση του υδατογραφήματος με γεωμετρικούς μετασχηματισμούς, έτσι ώστε να καταστήσει το υδατογράφημα μη ανιχνεύσιμο, χωρίς όμως να το αφαιρέσει. Η τρίτη κατηγορία αναφέρεται σε επιθέσεις που βασίζονται σε μεθόδους που εφαρμόζουν κρυπτογράφηση. Η τελευταία κατηγορία αναφέρεται σε επιθέσεις που δημιουργούν παράνομα και πλαστά ψηφιακά δεδομένα με τέτοιο τρόπο έτσι ώστε να ανιχνεύονται ως γνήσια. Στη συνέχεια μελετώνται αναλυτικά ανά κατηγορία επίθεσης αντίμετρα προστασίας που έχουν καταγραφεί στη βιβλιογραφία και μπορούν να ληφθούν προληπτικά για την αναχαίτιση των επιθέσεων αυτών. Το Β Μέρος της διπλωματικής εργασίας πραγματεύεται την υλοποίηση και σύγκριση των επιδόσεων έξι γνωστών μεθόδων εμφώλευσης εύθραυστου υδατογραφήματος σε σχεσιακές βάσεις δεδομένων. Κάθε μέθοδος υλοποιείται με τη γλώσσα προγραμματισμού Java SE. Επιπλέον για κάθε μέθοδο μελετάται η δυνατότητά της να επιδέχεται την διαρκή ενημέρωση της βάσης δεδομένων (δηλαδή την εισαγωγή, διαγραφή και ενημέρωση πλειάδων) από νόμιμους χρήστες της, με παράλληλη ενημέρωση του υδατογραφήματος. 
520 |a Digital watermarking methods form a potential technique for ownership rights protection on digital media. This diploma thesis is a research work dedicated to this subject, and it is divided into the following two discrete sections. The first section of the diploma thesis surveys all the attacks and their countermeasures for image, video, audio, documents, database and software watermark embedding methods. For each digital media the attacks fall under four categories. These categories are: removal, geometrical, cryptographic and protocol attacks. Each category consists of subcategories according to the technique that is used in order to achieve the outlined attacks. Thus, the first category is related to attacks that aim to remove the embedded digital watermark. The second category addresses attacks which distort the watermark with geometrical transformations, without necessarily removing it. The cryptographic attacks are inspired by the field of cryptography, and finally the protocol attacks generate fake digital data trying to substitute the corresponding original ones. Finally, the thesis discusses countermeasures which have been proposed as a defense measure against these attacks. The second section of this diploma thesis is dedicated to the implementation of selected fragile watermark embedding methods for relational databases. Each method is implemented using the java programming language. Each method also is accompanied by an appropriate submodule that make it possible to handle normal database updates, such as the insertion, deletion and updates of watermarked tuples, by keeping the digital watermark updated at the same time. Finally, an extensive and fair benchmark comparison between the implemented fragile watermarking methods is also provided with interesting conclusions. 
540 |a Κλειδωμένη η δυνατότητα αντιγραφής (copy) του κειμένου.  
610 2 0 |a University of the Aegean  |x Dissertations. 
650 0 0 |a Digital watermarking. 
650 0 0 |a Relational databases. 
650 0 0 |a Computer security. 
650 0 0 |a Dissertations, Academic  |z Greece. 
700 1 |a Τζουραμάνης, Θεόδωρος,  |e dgs 
710 2 |a Πανεπιστήμιο Αιγαίου.   |b Σχολή Θετικών Επιστημών.   |b Τμήμα Μηχανικών Πληροφοριακών και Επικοινωνιακών Συστημάτων. 
852 |a INST  |b SAMOS  |c DIATR  |e 20140625  |h 005.82 ΜΟΛ  |p 005300036852  |q 005300036852  |t DIE  |y 23 
852 |a INST  |b SAMOS  |c DIATR  |e 20140625  |h 005.82 ΜΟΛ  |p 005300036853  |q 005300036853  |t DIE  |y 23 
856 |u http://hdl.handle.net/11610/8721 
901 |a BIBL3-2014-2 
909 |a Σ  |b 185013 
909 |a Σ  |b 185014 
924 |a ΜΟΛΛΑ  |b ΕΙΡΗΝΗ  |y ΣΑΜΟΣ  |z 2013-10 
970 |a ΚΟΣΙΕΡΗΣ  |b ΧΡΗΣΤΟΣ  |z 2014/06/25